Τρέλα και φιλοσοφία
Αποθηκεύτηκε σε:
| Κύριος συγγραφέας: | |
|---|---|
| Άλλοι συγγραφείς: | , |
| Μορφή: | Βιβλίο |
| Γλώσσα: | Greek French |
| Δημοσίευση: |
Αθήνα :
Όλκος,
1998.
|
| Έκδοση: | 3η έκδ. |
| Σειρά: | Μικρή άρκτος ;
1 |
| Θέματα: | |
| Ετικέτες: |
Προσθήκη ετικέτας
Δεν υπάρχουν, Καταχωρήστε ετικέτα πρώτοι!
|
MARC
| LEADER | 00000cam a2200000 i 4500 | ||
|---|---|---|---|
| 001 | 1/79399 | ||
| 008 | 050627s1998 gr | ||| |||| ||gre|| | ||
| 020 | |a 9607169220 | ||
| 035 | |l 10078747 | ||
| 040 | |a GR-MyUA |b gre |e AACR2 | ||
| 041 | 1 | |a gre |h fre | |
| 082 | 0 | |a 194 |2 (22) | |
| 100 | 1 | |a Derrida, Jacques. | |
| 245 | 1 | 0 | |a Τρέλα και φιλοσοφία / |c Ζάκ Ντερίντα, Μισέλ Φουκώ ; μετάφραση Κωστής Παπαγιώργης. |
| 250 | |a 3η έκδ. | ||
| 260 | |a Αθήνα : |b Όλκος, |c 1998. | ||
| 300 | |a 130 σ. ; |c 21 εκ. | ||
| 490 | 1 | |a (Μικρή άρκτος |v ; 1) | |
| 500 | |a Μετάφραση από τα γαλλικά | ||
| 500 | |a Τίτλος πρωτοτύπου: L' ecriture et la difference. | ||
| 650 | 0 | 0 | |a Philosophy. |
| 700 | 1 | |a Foucault, Michel, |d 1926-1984. | |
| 700 | 1 | |a Παπαγιώργης, Κωστής, |d 1947-2014, |e trl | |
| 830 | 0 | |a Μικρή άρκτος ; |v 1 | |
| 852 | |a INST |b LESVOS |e 20050627 |h 194 DER |p 005100032217 |q 005100032217 |t BK |y 12 | ||
| 852 | |a INST |b LESVOS |e 20070119 |h 194 DER |p 005100037427 |q 005100037427 |t BK |y 0 | ||
| 901 | |a BIBL1-2005-2 | ||
| 901 | |a BIBL1-2007-1 | ||
| 909 | |a Λ |b 121062 | ||
| 909 | |a Λ |b 130478 | ||
| 920 | |a ΕΠΕΑΕΚ ΚΟΙΝΩΝΙΚΗΣ ΑΝΘΡΩΠΟΛΟΓΙΑΣ ΚΑΙ ΙΣΤΟΡΙΑΣ |y Λέσβος |z 2004-12 | ||
| 970 | |a ΚΑΡΑ |b ΓΙΑΣΕΜΗ |z 2005/06/27 | ||